[Event "TCh-ISR 2018"]
[Site "Israel ISR"]
[Date "2018.01.19"]
[Round "3.3"]
[Board "4"]
[White "Aharon, Ofir"]
[Black "Mesropov, Konstantin"]
[Result "1/2-1/2"]
[WhiteTitle "FM"]
[BlackTitle "IM"]
[WhiteElo "2288"]
[BlackElo "2427"]
[WhiteTeam "HaPoel Kfar Saba Bet"]
[BlackTeam "Elizur Dov Petah Tikva"]
[WhiteFideId "2800683"]
[BlackFideId "4116887"]
[EventDate "2018.01.05"]

1. e4 e6 2. d4 d5 3. Nd2 Nc6 4. Ngf3 Nf6 5. e5 Nd7 6. Nb3 a5 7. a4 Be7 8. Bb5
Na7 9. Be2 b6 10. O-O c5 11. c3 O-O 12. Re1 Nc6 13. Bb5 Na7 14. Be2 Nc6 15. Bb5
Na7 16. Ba6 1/2-1/2

[Event "TCh-ISR 2018"]
[Site "Israel ISR"]
[Date "2018.01.19"]
[Round "3.3"]
[Board "5"]
[White "Deutsch, Eyal"]
[Black "Kaplan, Sasha"]
[Result "1/2-1/2"]
[WhiteTitle "IM"]
[BlackTitle "IM"]
[WhiteElo "2350"]
[BlackElo "2396"]
[WhiteTeam "Elizur Dov Petah Tikva"]
[BlackTeam "HaPoel Kfar Saba Bet"]
[WhiteFideId "2803917"]
[BlackFideId "2806487"]
[EventDate "2018.01.05"]

1. d4 d5 2. Bf4 Nf6 3. e3 Bf5 4. c4 c6 5. Qb3 Qb6 6. Nc3 dxc4 7. Bxc4 e6 8. Nf3
h6 9. h3 Nbd7 10. O-O Be7 11. Rfe1 Qxb3 12. Bxb3 Ne4 13. Nxe4 Bxe4 14. Nd2 Bd3
15. Nc4 Bxc4 16. Bxc4 O-O 17. Rac1 Rfd8 18. Bc7 Re8 19. Ba5 Rac8 20. Red1 Nb6
21. Be2 Red8 22. Bf3 Kf8 23. Kf1 Bd6 24. Ke2 Ke7 25. Rc2 Bc7 26. g3 Nd5 27. Be1
Bd6 28. a3 Bc7 29. Rd3 Bd6 30. Rb3 Rd7 31. a4 f5 32. a5 a6 33. Bd2 Rcc7 34. Be1
Rd8 1/2-1/2

[Event "TCh-ISR 2018"]
[Site "Israel ISR"]
[Date "2018.01.19"]
[Round "3.3"]
[Board "6"]
[White "Gershon, Alik"]
[Black "Grinshpun, Eduard"]
[Result "1-0"]
[WhiteTitle "GM"]
[BlackTitle "IM"]
[WhiteElo "2444"]
[BlackElo "2360"]
[WhiteTeam "HaPoel Kfar Saba Bet"]
[BlackTeam "Elizur Dov Petah Tikva"]
[WhiteFideId "2802430"]
[BlackFideId "4167554"]
[EventDate "2018.01.05"]

1. c4 e6 2. g3 d5 3. Bg2 g6 4. h4 Bg7 5. h5 Nc6 6. Nf3 Nge7 7. Nc3 d4 8. h6 Bf8
9. Ne4 f5 10. Neg5 Ng8 11. d3 Qe7 12. a3 Bxh6 13. b4 e5 14. b5 Nd8 15. Qc2 c5
16. bxc6 Nxc6 17. Rb1 Bf8 18. Nh4 Qf6 19. Bd5 Nge7 20. f4 Nxd5 21. cxd5 Nd8 22.
Nhf3 h6 23. fxe5 Qg7 24. e6 Bd6 25. Qa4+ Kf8 26. Bf4 Bxf4 27. Qb4+ Ke8 28. Qb5+
Ke7 29. gxf4 hxg5 30. Rxh8 Qxh8 31. Rc1 b6 32. Rxc8 1-0

[Event "TCh-ISR 2018"]
[Site "Israel ISR"]
[Date "2018.01.19"]
[Round "3.4"]
[Board "1"]
[White "Flom, Gabriel"]
[Black "Sutovsky, Emil"]
[Result "0-1"]
[WhiteTitle "IM"]
[BlackTitle "GM"]
[WhiteElo "2493"]
[BlackElo "2673"]
[WhiteTeam "Jerusalem Tenth"]
[BlackTeam "Ashdod Elite Club"]
[WhiteFideId "621650"]
[BlackFideId "2802007"]
[EventDate "2018.01.05"]

1. d4 e6 2. c4 b6 3. e4 Bb4+ 4. Bd2 Bxd2+ 5. Qxd2 d5 6. Bd3 Ba6 7. cxd5 Bxd3 8.
Qxd3 exd5 9. Nc3 dxe4 10. Qxe4+ Qe7 11. O-O-O Qxe4 12. Nxe4 Nd7 13. Nf3 O-O-O
14. Rhe1 Nh6 15. Neg5 Rhe8 16. Rxe8 Rxe8 17. Re1 Rxe1+ 18. Nxe1 Nf8 19. Kd2 f6
20. Ngf3 Kd7 21. Nc2 Ng4 22. Ke2 Ne6 23. g3 c5 24. h3 Nh6 25. Kd3 Nf5 26. b4
cxb4 27. Nxb4 a5 28. Nd5 Kc6 29. Ne3 Ne7 30. Nd2 Nc7 31. Ndc4 Kb5 32. Ke4 Nc8
33. g4 Kb4 34. a3+ Kb3 35. d5 Nb5 36. Kd3 g6 37. Nc2 Nbd6 38. Nd4+ Ka4 39. f4
Nxc4 40. Kxc4 Nd6+ 41. Kd3 Kxa3 42. h4 Kb4 43. f5 gxf5 44. g5 fxg5 45. hxg5 a4
46. Ne6 Kb3 47. Kd4 0-1

[Event "TCh-ISR 2018"]
[Site "Israel ISR"]
[Date "2018.01.19"]
[Round "3.4"]
[Board "2"]
[White "Smirin, Ilia"]
[Black "Slonimskij, Arkadij"]
[Result "1-0"]
[WhiteTitle "GM"]
[WhiteElo "2613"]
[BlackElo "2128"]
[WhiteTeam "Ashdod Elite Club"]
[BlackTeam "Jerusalem Tenth"]
[WhiteFideId "2801990"]
[BlackFideId "4113420"]
[EventDate "2018.01.05"]

1. e4 e6 2. d4 d5 3. Nd2 dxe4 4. Nxe4 Qd5 5. Nc3 Bb4 6. Nf3 Nf6 7. Bd3 Ne4 8.
O-O Nxc3 9. bxc3 Bxc3 10. Rb1 Nd7 11. Ba3 c6 12. Rb3 Ba5 13. c4 Qh5 14. Bd6 Bd8
15. Be2 Qh6 16. Ne5 g6 17. Ng4 Qg7 18. d5 cxd5 19. cxd5 Be7 20. dxe6 fxe6 21.
Bb5 Bxd6 22. Qxd6 Qe7 23. Qd4 1-0

[Event "TCh-ISR 2018"]
[Site "Israel ISR"]
[Date "2018.01.19"]
[Round "3.4"]
[Board "3"]
[White "Gokhvat, Peter"]
[Black "Kovalenko, Igor"]
[Result "0-1"]
[BlackTitle "GM"]
[WhiteElo "2251"]
[BlackElo "2635"]
[WhiteTeam "Jerusalem Tenth"]
[BlackTeam "Ashdod Elite Club"]
[WhiteFideId "2805090"]
[BlackFideId "14117908"]
[EventDate "2018.01.05"]

1. d4 Nf6 2. Nc3 d5 3. Bg5 Nbd7 4. e4 dxe4 5. f3 e3 6. Bc4 c6 7. Bxe3 Nb6 8. Bb3
Bf5 9. Nge2 h5 10. Qd2 e6 11. O-O-O Be7 12. Ng3 Bg6 13. Nge4 Nfd5 14. Nxd5 cxd5
15. Nc5 Qc7 16. Qa5 Bd6 17. Qb5+ Kf8 18. f4 Rc8 19. Rhf1 Bf5 20. Rf2 Kg8 21. h3
h4 22. c3 g6 23. a4 a6 24. Qe2 Rh5 25. Rg1 Kg7 26. Kd2 Nd7 27. Nxd7 Qxd7 28. Ra1
b5 29. axb5 axb5 30. Ke1 Rhh8 31. Kf1 Rc7 32. Ra5 Rb8 33. Kg1 Be7 34. Rf1 Bd8
35. Rfa1 Bf6 36. Bf2 b4 37. Bc2 bxc3 38. Bxf5 cxb2 39. Rb1 Rc1+ 40. Kh2 Qc7 41.
Rxb2 Rxb2 42. Qxb2 Qxf4+ 43. g3 Qf3 0-1

[Event "TCh-ISR 2018"]
[Site "Israel ISR"]
[Date "2018.01.19"]
[Round "3.4"]
[Board "4"]
[White "Golod, Vitali"]
[Black "Cohen Revivo, Shoham"]
[Result "1-0"]
[WhiteTitle "GM"]
[WhiteElo "2539"]
[BlackElo "2180"]
[WhiteTeam "Ashdod Elite Club"]
[BlackTeam "Jerusalem Tenth"]
[WhiteFideId "2804140"]
[BlackFideId "2813327"]
[EventDate "2018.01.05"]

1. d4 Nf6 2. c4 c5 3. d5 b5 4. cxb5 a6 5. bxa6 g6 6. Nc3 Bxa6 7. e4 Bxf1 8. Kxf1
d6 9. Nf3 Bg7 10. g3 O-O 11. Kg2 Nbd7 12. Re1 Ra6 13. h3 Qa8 14. Re2 Rb8 15. Rb1
Ne8 16. Qc2 Nc7 17. Bg5 h6 18. Be3 Kh7 19. b3 Bxc3 20. Qxc3 Rxa2 21. Rxa2 Qxa2
22. Ra1 Qe2 23. Qc1 Nf6 24. Ra7 Rc8 25. Nd2 Qd3 26. Qc4 Qxc4 27. Nxc4 Kg7 28.
Rb7 Nfe8 29. Bd2 f5 30. f3 fxe4 31. fxe4 h5 32. Bg5 Kf8 33. Nb6 Rd8 34. Kf3 Kf7
35. Ke2 Kf8 36. Kd2 Kf7 37. Kc1 Kf8 38. Kb1 Kf7 39. Kc2 Kf8 40. Kb2 Kf7 41. Nc4
Kf8 42. Na5 Rd7 43. h4 Nf6 44. Nc4 Nce8 45. Rxd7 Nxd7 46. Kc2 Nef6 47. Bxf6 Nxf6
48. Kd3 Kf7 49. e5 Nxd5 50. exd6 Nb4+ 51. Ke4 exd6 52. Nxd6+ Ke6 53. Nb7 Na6 54.
Kf4 Kf6 55. Nd6 Ke6 56. Nc4 Kf6 57. Nd2 Ke6 58. Kg5 Kf7 59. Kf4 Kg7 60. Ne4 Kf7
61. Ke5 Ke7 62. Kd5 Kf7 63. Kc4 Nb8 64. Nxc5 Nc6 65. b4 Kf6 66. b5 Nd8 67. Kd5
Kf5 68. b6 Kg4 69. Kd6 Kxg3 70. Kd7 1-0

[Event "TCh-ISR 2018"]
[Site "Israel ISR"]
[Date "2018.01.19"]
[Round "3.4"]
[Board "5"]
[White "Lukin, Elisha"]
[Black "Bar, Roman"]
[Result "0-1"]
[BlackTitle "IM"]
[WhiteElo "2133"]
[BlackElo "2485"]
[WhiteTeam "Jerusalem Tenth"]
[BlackTeam "Ashdod Elite Club"]
[WhiteFideId "2813262"]
[BlackFideId "2803879"]
[EventDate "2018.01.05"]

1. d4 Nf6 2. c4 e6 3. Nc3 Bb4 4. Nf3 b6 5. e3 Bb7 6. Bd3 c5 7. O-O O-O 8. Na4
cxd4 9. exd4 Re8 10. Bg5 h6 11. Bh4 Be7 12. Nc3 d6 13. Re1 Nbd7 14. a4 Rc8 15.
Nd2 d5 16. Bg3 Nb8 17. a5 Nc6 18. a6 Bxa6 19. Rxa6 Nb4 20. Nf3 dxc4 21. Bxc4
Rxc4 22. Rxa7 Nc6 23. Ne5 Nxa7 24. Nxc4 b5 25. Ne5 Qb6 26. Ne4 Rd8 27. Nxf6+
Bxf6 28. Qh5 Bxe5 29. dxe5 Nc6 30. h3 Qd4 31. Qf3 Qd5 32. Qg4 Qd4 33. Qf3 Ne7
34. Kh2 Nf5 35. b3 Qd3 36. Qb7 Qxb3 37. Ra1 Qd5 38. Qc7 Rd7 39. Qb8+ Rd8 40. Qc7
Rd7 41. Qc8+ Kh7 42. Ra8 Kg6 43. Rb8 Nxg3 44. fxg3 Qxe5 45. Qc2+ Kf6 46. Qf2+
Kg6 47. Qc2+ f5 48. Rb6 Kh7 49. Qb3 Rd5 50. h4 Qe1 51. Rxb5 Rd1 52. g4 Qg1+ 53.
Kg3 Re1 54. Qc2 Re3+ 55. Kf4 Re4+ 0-1

[Event "TCh-ISR 2018"]
[Site "Israel ISR"]
[Date "2018.01.19"]
[Round "3.4"]
[Board "6"]
[White "Grinberg, Eyal"]
[Black "Berenboym, Igor"]
[Result "1-0"]
[WhiteTitle "IM"]
[WhiteElo "2448"]
[BlackElo "2125"]
[WhiteTeam "Ashdod Elite Club"]
[BlackTeam "Jerusalem Tenth"]
[WhiteFideId "2806070"]
[BlackFideId "2810123"]
[EventDate "2018.01.05"]

1. e4 e5 2. Nf3 Nc6 3. Bb5 a6 4. Ba4 Nf6 5. d3 b5 6. Bb3 Be7 7. O-O O-O 8. Re1
d6 9. c3 Bg4 10. Nbd2 Na5 11. Bc2 c5 12. Nf1 Re8 13. h3 Bh5 14. Ng3 Bg6 15. Nh4
Nc6 16. Qf3 Qc7 17. Nhf5 Bf8 18. h4 h5 19. Bg5 Ng4 20. Qe2 c4 21. dxc4 bxc4 22.
Ba4 Rac8 23. Qxc4 Qa5 24. b3 Nd4 25. Qb4 Qxb4 26. cxb4 Nc2 27. Bxe8 Rxe8 28. f3
Nxa1 29. Rxa1 Nf6 30. Bxf6 gxf6 31. Ne3 Bh6 32. Nd5 Kg7 33. a4 Bf4 34. Nf5+ Bxf5
35. exf5 Bg3 36. Kf1 e4 37. f4 e3 38. Ke2 Re4 39. b5 axb5 40. a5 Rd4 41. Rd1
Rd2+ 42. Rxd2 exd2 43. Kxd2 1-0

[Event "TCh-ISR 2018"]
[Site "Israel ISR"]
[Date "2018.01.19"]
[Round "3.5"]
[Board "1"]
[White "Iakymov, Volodymyr"]
[Black "Rechlis, Gad"]
[Result "0-1"]
[WhiteTitle "IM"]
[BlackTitle "GM"]
[WhiteElo "2442"]
[BlackElo "2525"]
[WhiteTeam "Haifa Chess Club-Nesher"]
[BlackTeam "Hapoel Petah Tikva"]
[WhiteFideId "14110164"]
[BlackFideId "2800047"]
[EventDate "2018.01.05"]

1. e4 c5 2. c3 e6 3. d4 d5 4. e5 Bd7 5. Nf3 Qb6 6. Qb3 Nc6 7. Be3 Nh6 8. dxc5
Bxc5 9. Qxb6 axb6 10. Bxh6 gxh6 11. Bd3 b5 12. Nbd2 b4 13. O-O bxc3 14. bxc3 Ra3
15. Nb1 Ra7 16. Nbd2 Ke7 17. Rab1 b6 18. Rb2 Rha8 19. Bb1 h5 20. Re1 h6 21. h3
Ra3 22. Rb3 R3a4 23. Rb2 Na5 24. Nb3 Rc4 25. Nxc5 bxc5 26. Rc1 Ra4 27. Nd2 h4
28. Bc2 Ra3 29. Bb1 Kd8 30. c4 Rc8 31. Rb6 Kc7 32. Rb2 d4 33. Be4 Rb8 34. Rxb8
Kxb8 35. Rb1+ Kc7 36. Nb3 Nxb3 37. axb3 Bc6 38. Bxc6 Kxc6 39. Kf1 Ra2 40. Rd1
Kb6 41. Rd3 Ka5 0-1

[Event "TCh-ISR 2018"]
[Site "Israel ISR"]
[Date "2018.01.19"]
[Round "3.5"]
[Board "2"]
[White "Steinberg, Nitzan"]
[Black "Zhizmer, Yuri"]
[Result "1-0"]
[WhiteTitle "GM"]
[BlackTitle "IM"]
[WhiteElo "2512"]
[BlackElo "2314"]
[WhiteTeam "Hapoel Petah Tikva"]
[BlackTeam "Haifa Chess Club-Nesher"]
[WhiteFideId "2801795"]
[BlackFideId "14108852"]
[EventDate "2018.01.05"]

1. e4 e5 2. Nf3 Nf6 3. Nxe5 d6 4. Nf3 Nxe4 5. Qe2 Qe7 6. d3 Nf6 7. Nc3 Qxe2+ 8.
Bxe2 c6 9. Ne4 Nbd7 10. Ng3 Ne5 11. Nxe5 dxe5 12. Bg5 Be7 13. O-O-O h6 14. Bd2
Be6 15. Rhe1 Bc5 16. Bf3 Bxf2 17. Rxe5 Bd4 18. Re2 O-O 19. Rde1 Rfe8 20. Bf4
Rad8 21. a3 Nd5 22. Be5 Bxe5 23. Rxe5 Nf6 24. Kd2 g6 25. b4 a6 26. Ne4 Nxe4+ 27.
R5xe4 Rd6 28. Kc3 Red8 29. a4 R8d7 30. Re5 Kf8 31. Rc5 Bd5 32. Bxd5 Rxd5 33.
Rxd5 Rxd5 34. a5 f5 35. d4 Kf7 36. Kd3 Rd6 37. c4 Re6 38. Rb1 f4 39. d5 cxd5 40.
cxd5 Rd6 41. Ke4 Kf6 42. b5 Kg5 43. Ke5 Rd8 44. d6 Re8+ 45. Kd5 Re2 46. Rd1 Kf6
47. bxa6 bxa6 1-0

[Event "TCh-ISR 2018"]
[Site "Israel ISR"]
[Date "2018.01.19"]
[Round "3.5"]
[Board "3"]
[White "Gurbanov, Andrei"]
[Black "Manor, Ilan"]
[Result "0-1"]
[WhiteTitle "IM"]
[BlackTitle "GM"]
[WhiteElo "2339"]
[BlackElo "2453"]
[WhiteTeam "Haifa Chess Club-Nesher"]
[BlackTeam "Hapoel Petah Tikva"]
[WhiteFideId "13503391"]
[BlackFideId "2800110"]
[EventDate "2018.01.05"]

1. d4 Nf6 2. c4 e6 3. g3 d5 4. Bg2 dxc4 5. Nf3 Nc6 6. O-O Rb8 7. a4 a6 8. Na3
Na5 9. Bg5 Be7 10. Qc2 b5 11. axb5 axb5 12. Ne5 Bd7 13. Rad1 O-O 14. e4 Be8 15.
d5 Qd6 16. Nf3 Qb6 17. e5 Nxd5 18. Rxd5 Bxa3 19. Rd4 Bc5 20. Rh4 f5 21. exf6 Bg6
22. Qc3 gxf6 23. Bxf6 Nc6 24. Bg5 Rbe8 25. Bh6 Rf7 26. Rg4 e5 27. Kh1 Nd4 28.
Ng5 Rd7 29. Ne4 Bf8 30. Qe3 Kh8 31. Bxf8 Rxf8 32. Ng5 Re7 33. f4 e4 34. Qc3 c5
35. Re1 Rfe8 36. Rh4 e3 37. Rh6 Kg7 38. Rh4 Qf6 39. Qc1 Qf5 40. Nf3 Qc2 41. Qa1
Be4 42. Rg4+ Kh8 43. Qa6 Bc6 44. Nh4 Qf2 45. Rg1 e2 0-1

[Event "TCh-ISR 2018"]
[Site "Israel ISR"]
[Date "2018.01.19"]
[Round "3.5"]
[Board "6"]
[White "Botvinnik, Mikhail"]
[Black "Shohat, Yotam"]
[Result "1-0"]
[WhiteElo "2368"]
[BlackElo "2204"]
[WhiteTeam "Hapoel Petah Tikva"]
[BlackTeam "Haifa Chess Club-Nesher"]
[WhiteFideId "2805650"]
[BlackFideId "2813955"]
[EventDate "2018.01.05"]

1. d4 Nf6 2. c4 c5 3. Nf3 cxd4 4. Nxd4 Nc6 5. Nc3 g6 6. g3 Bg7 7. Bg2 O-O 8. O-O
d6 9. b3 Nxd4 10. Qxd4 Be6 11. Bb2 Qa5 12. Rac1 Rab8 13. Qd2 Rfc8 14. Rfd1 a6
15. Nd5 Qxd2 16. Rxd2 Bxd5 17. cxd5 Nd7 18. Rxc8+ Rxc8 19. Ba3 Kf8 20. e3 Ke8
21. Kf1 b5 22. Ke2 a5 23. b4 a4 24. Kd1 Nb6 25. Bf1 Nc4 26. Rc2 Kd8 27. Bc1 Rc7
28. Bd2 e6 29. e4 exd5 30. exd5 Kc8 31. Bxc4 bxc4 32. Bc3 Bxc3 33. Rxc3 Kb7 34.
Re3 Ka6 35. Kc2 Kb5 36. Kc3 a3 37. Re8 Rb7 38. Ra8 Re7 39. Rxa3 Re2 40. Ra5+ Kb6
41. Kxc4 Rxf2 42. Ra8 Rxh2 43. a4 Rc2+ 44. Kd3 Rg2 45. a5+ Kb5 46. Rb8+ Ka6 47.
Rb6+ Ka7 48. Rxd6 h5 49. Kc4 Rxg3 50. Rf6 h4 51. Rxf7+ Kb8 52. d6 h3 53. Rf8+
Kb7 54. d7 Rg4+ 1-0

[Event "TCh-ISR 2018"]
[Site "Israel ISR"]
[Date "2018.01.19"]
[Round "3.6"]
[Board "1"]
[White "Baklan, Vladimir"]
[Black "Bakalchuk, Johnatan"]
[Result "1-0"]
[WhiteTitle "GM"]
[BlackTitle "FM"]
[WhiteElo "2598"]
[BlackElo "2400"]
[WhiteTeam "Tsafrir Rehovot"]
[BlackTeam "Herzliya Chess Club"]
[WhiteFideId "14102196"]
[BlackFideId "2810301"]
[EventDate "2018.01.05"]

1. e4 c5 2. Nf3 g6 3. Bc4 Bg7 4. c3 e6 5. O-O Ne7 6. d4 cxd4 7. Nxd4 O-O 8. Bg5
a6 9. Bb3 d6 10. Qd2 Qc7 11. Rd1 Rd8 12. Qf4 Nbc6 13. Qh4 Re8 14. Nd2 Na5 15.
N4f3 b5 16. Nf1 Nxb3 17. axb3 Bb7 18. Ne3 f5 19. Bf6 Nc8 20. exf5 gxf5 21. Bxg7
Qxg7 22. Ng5 Qg6 23. f4 h6 24. Nh3 e5 25. Rd2 Bc6 26. Rf1 Ra7 27. fxe5 Rxe5 28.
Nf4 Qg5 29. Qf2 Rg7 30. Ned5 Kh8 31. c4 Qd8 32. Re1 Qe8 33. Rde2 Rxe2 34. Rxe2
Qf7 35. Qh4 Bxd5 36. cxd5 Kh7 37. Re6 Qa7+ 38. Kh1 1-0

[Event "TCh-ISR 2018"]
[Site "Israel ISR"]
[Date "2018.01.19"]
[Round "3.6"]
[Board "2"]
[White "Zoler, Dan"]
[Black "Gorodetzky, David"]
[Result "1/2-1/2"]
[WhiteTitle "GM"]
[BlackTitle "FM"]
[WhiteElo "2506"]
[BlackElo "2411"]
[WhiteTeam "Herzliya Chess Club"]
[BlackTeam "Tsafrir Rehovot"]
[WhiteFideId "2800705"]
[BlackFideId "2813416"]
[EventDate "2018.01.05"]

1. d4 Nf6 2. c4 e6 3. Nf3 d5 4. Nc3 dxc4 5. e4 b5 6. e5 Nd5 7. Nxb5 Nb6 8. Be2
Be7 9. O-O O-O 10. Be3 Nc6 11. Rc1 Rb8 12. Nc3 Ba6 13. Qd2 Nb4 14. Rfd1 Nd3 15.
Rb1 Nd5 16. Nxd5 exd5 17. Bxd3 cxd3 18. Qc1 Qd7 19. Ne1 Qf5 20. Qxc7 Rb7 21. Qc6
Rb6 22. Qxd5 Bb7 23. Qa5 Bb4 24. Qxa7 Bxe1 25. Qxb6 Bxg2 26. Kxg2 Qg4+ 1/2-1/2

[Event "TCh-ISR 2018"]
[Site "Israel ISR"]
[Date "2018.01.19"]
[Round "3.6"]
[Board "3"]
[White "Psakhis, Lev"]
[Black "Zifroni, Dov"]
[Result "1/2-1/2"]
[WhiteTitle "GM"]
[BlackTitle "GM"]
[WhiteElo "2475"]
[BlackElo "2440"]
[WhiteTeam "Tsafrir Rehovot"]
[BlackTeam "Herzliya Chess Club"]
[WhiteFideId "2800012"]
[BlackFideId "2800659"]
[EventDate "2018.01.05"]

1. d4 d5 2. c4 c6 3. Nf3 Nf6 4. Nc3 e6 5. e3 Nbd7 6. Qc2 Bd6 7. Bd2 O-O 8. Bd3
dxc4 9. Bxc4 c5 10. dxc5 Bxc5 11. O-O a6 12. Ne4 Nxe4 13. Qxe4 Nf6 14. Qc2 1/2-1/2

[Event "TCh-ISR 2018"]
[Site "Israel ISR"]
[Date "2018.01.19"]
[Round "3.6"]
[Board "5"]
[White "Veinberg, Nimrod"]
[Black "Caspi, Israel"]
[Result "0-1"]
[WhiteTitle "FM"]
[BlackTitle "IM"]
[WhiteElo "2370"]
[BlackElo "2461"]
[WhiteTeam "Tsafrir Rehovot"]
[BlackTeam "Herzliya Chess Club"]
[WhiteFideId "2810280"]
[BlackFideId "2807394"]
[EventDate "2018.01.05"]

1. d4 f5 2. Bf4 Nf6 3. e3 e6 4. Be2 d6 5. c4 Be7 6. Nc3 O-O 7. Bg3 Nbd7 8. Nh3
Re8 9. O-O e5 10. c5 h6 11. Bc4+ Kh8 12. Be6 f4 13. exf4 exd4 14. Qxd4 Nxc5 15.
Bxc8 Qxc8 16. b4 Na6 17. Rfe1 Qf5 18. Bh4 c6 19. Re2 Bf8 20. Rae1 Rxe2 21. Rxe2
Nc7 22. f3 a5 23. bxa5 Rxa5 24. Bf2 Nb5 25. Nxb5 Rxb5 26. Rb2 Rd5 27. Qa4 Qd3
28. Bh4 Qe3+ 29. Kf1 Qc1+ 0-1

[Event "TCh-ISR 2018"]
[Site "Israel ISR"]
[Date "2018.01.19"]
[Round "3.6"]
[Board "6"]
[White "Haimovich, Tal"]
[Black "Galburd, Yan"]
[Result "1-0"]
[WhiteTitle "IM"]
[WhiteElo "2401"]
[BlackElo "2344"]
[WhiteTeam "Herzliya Chess Club"]
[BlackTeam "Tsafrir Rehovot"]
[WhiteFideId "2801698"]
[BlackFideId "2808528"]
[EventDate "2018.01.05"]

1. e4 e5 2. Nf3 Nf6 3. Nc3 Nc6 4. Bb5 Bc5 5. O-O O-O 6. Bxc6 dxc6 7. Nxe5 Re8 8.
Nf3 Nxe4 9. Nxe4 Rxe4 10. d3 Re8 11. Ng5 Qd5 12. Ne4 Bb6 13. Bf4 Bf5 14. Nc3 Qd7
15. Qf3 Re6 16. Be3 Rg6 17. Rfe1 Bh3 18. g3 Rf6 19. Qe4 Be6 20. a4 Rf5 21. b4 a5
22. b5 h6 23. Rab1 Bc5 24. g4 Rg5 25. Bxg5 hxg5 26. bxc6 bxc6 27. h3 Rd8 28. Ne2
Qd6 29. d4 Bb6 30. c3 c5 31. Qe5 Qxe5 32. dxe5 Rd2 33. Ng3 Ra2 34. Ra1 Rc2 35.
Rec1 Rb2 36. Re1 c4 37. Re2 Rb3 38. Rc1 Ra3 39. Ne4 Rxa4 40. Nxg5 Ra3 41. Rd2
Kf8 42. Rd8+ Ke7 43. Rcd1 f6 44. exf6+ Kxf6 45. Nxe6 Kxe6 46. Re1+ Kf7 47. Rd7+
Kf6 48. g5+ Kg6 49. Ree7 Rxc3 50. Rxg7+ Kf5 51. Rdf7+ Ke5 52. Kg2 Rd3 53. Rf3
Rd8 54. g6 c3 55. Rxc3 Kf6 56. Rf7+ Kxg6 57. Rf4 Kg5 58. Rcf3 Kh6 59. Rg3 Kh5
60. h4 Kh6 61. Kh3 Bd4 62. Ra3 Bb6 63. Rc3 Rd2 64. Rc6+ Kh7 65. f3 Ra2 66. h5 a4
67. h6 Ra1 68. Kh2 Bg1+ 69. Kg2 Be3 70. Rf7+ Kh8 71. Rcxc7 Rg1+ 72. Kh2 Bxh6 73.
Kxg1 1-0

[Event "TCh-ISR 2018"]
[Site "Israel ISR"]
[Date "2018.02.09"]
[Round "5.1"]
[Board "1"]
[White "Rodshtein, Maxim"]
[Black "Baron, Tal"]
[Result "1-0"]
[WhiteTitle "GM"]
[BlackTitle "GM"]
[WhiteElo "2693"]
[BlackElo "2548"]
[WhiteTeam "Beer-Sheva"]
[BlackTeam "Rishon Letzion Feldklein"]
[WhiteFideId "2806851"]
[BlackFideId "2809958"]
[EventDate "2018.01.05"]

1. d4 Nf6 2. Nf3 d5 3. c4 e6 4. g3 Bb4+ 5. Bd2 Bd6 6. Bg2 c6 7. Nc3 Nbd7 8. Qb3
O-O 9. O-O Qe7 10. Rad1 dxc4 11. Qxc4 e5 12. Qb3 Re8 13. Bg5 exd4 14. Nxd4 Nc5
15. Qc2 h6 16. Bxf6 Qxf6 17. b4 Na6 18. Ne4 Qg6 19. Nxd6 Qxd6 20. Nxc6 Qf6 21.
b5 bxc6 22. Qxc6 Qxc6 23. Bxc6 Nc7 24. Bxe8 Nxe8 25. Rd8 Kf8 26. Rc1 Bb7 27. Rd7
Bc8 28. Rd8 Bb7 29. Rd4 Ke7 30. e4 a6 31. b6 Rd8 32. Rxd8 Kxd8 33. e5 Kd7 34. f4
g6 35. g4 Ke6 36. Rd1 Ke7 37. f5 gxf5 38. gxf5 f6 39. e6 Nd6 40. Rc1 Ne8 41. Kf2
Kd6 42. Rd1+ 1-0

[Event "TCh-ISR 2018"]
[Site "Israel ISR"]
[Date "2018.02.09"]
[Round "5.1"]
[Board "2"]
[White "Alterman, Boris"]
[Black "Efimenko, Zahar"]
[Result "1/2-1/2"]
[WhiteTitle "GM"]
[BlackTitle "GM"]
[WhiteElo "2603"]
[BlackElo "2641"]
[WhiteTeam "Rishon Letzion Feldklein"]
[BlackTeam "Beer-Sheva"]
[WhiteFideId "2801906"]
[BlackFideId "14107201"]
[EventDate "2018.01.05"]

1. Nf3 c5 2. c4 g6 3. d4 Bg7 4. e4 Qb6 5. dxc5 Qxc5 6. Be2 Nc6 7. O-O d6 8. a3
Qb6 9. Ra2 Bg4 10. Be3 Qc7 11. b3 Nf6 12. Nc3 O-O 13. h3 Bxf3 14. Bxf3 Nd7 15.
Nd5 Qd8 16. Rd2 Re8 17. Qb1 e6 18. Nf4 Qa5 19. Qc1 Nf6 20. b4 Qc7 21. Nd3 Rac8 1/2-1/2

[Event "TCh-ISR 2018"]
[Site "Israel ISR"]
[Date "2018.02.09"]
[Round "5.1"]
[Board "3"]
[White "Roiz, Michael"]
[Black "Zanan, Evgeny"]
[Result "1/2-1/2"]
[WhiteTitle "GM"]
[BlackTitle "IM"]
[WhiteElo "2614"]
[BlackElo "2482"]
[WhiteTeam "Beer-Sheva"]
[BlackTeam "Rishon Letzion Feldklein"]
[WhiteFideId "2804158"]
[BlackFideId "24101940"]
[EventDate "2018.01.05"]

1. Nf3 Nf6 2. c4 c5 3. Nc3 d5 4. cxd5 Nxd5 5. e3 e6 6. b3 Be7 7. Bb2 O-O 8. Qc2
Nc6 9. a3 b6 10. h4 f5 11. Nxd5 exd5 12. d4 Be6 13. Rd1 Rc8 14. Ba6 Rc7 15. dxc5
bxc5 16. O-O h6 17. Bc4 Kh8 18. Rd2 Bd6 19. Rfd1 Ne7 20. Be2 Rb7 21. Be5 1/2-1/2

[Event "TCh-ISR 2018"]
[Site "Israel ISR"]
[Date "2018.02.09"]
[Round "5.1"]
[Board "4"]
[White "Kobo, Ori"]
[Black "Postny, Evgeny"]
[Result "0-1"]
[WhiteTitle "GM"]
[BlackTitle "GM"]
[WhiteElo "2477"]
[BlackElo "2574"]
[WhiteTeam "Rishon Letzion Feldklein"]
[BlackTeam "Beer-Sheva"]
[WhiteFideId "2812320"]
[BlackFideId "2804344"]
[EventDate "2018.01.05"]

1. Nf3 d5 2. g3 Nc6 3. d4 Bf5 4. Bg2 Nb4 5. Na3 e6 6. O-O h6 7. Ne5 Bd6 8. c3
Bxe5 9. dxe5 Nc6 10. c4 Nge7 11. f4 O-O 12. Be3 Qc8 13. Qa4 a6 14. Rac1 b5 15.
cxb5 axb5 16. Qb3 b4 17. Nc2 Bxc2 18. Rxc2 Qa6 19. Bc5 Qxa2 20. Qxa2 Rxa2 21.
Bxe7 Nxe7 22. Rxc7 Nf5 23. Rb1 Ne3 24. Rb7 Nc2 25. e4 d4 26. Bf1 Rc8 27. Bd3 Rc5
28. Rb8+ Kh7 29. Rb7 Kg8 30. Rb8+ Kh7 31. g4 Ra7 32. Rc1 Rac7 33. h3 g5 34. f5
Kg7 35. Kf2 Ne3 36. Rxc5 Rxc5 37. Rxb4 Rxe5 38. Kg1 exf5 39. gxf5 Nd1 40. Bc2
Ne3 41. Bd3 Rc5 42. Rxd4 Rc1+ 43. Kh2 Rd1 44. Rd6 Rd2+ 45. Kg1 h5 46. e5 g4 47.
Be4 Re2 48. hxg4 hxg4 49. Bd3 Rg2+ 50. Kh1 Rd2 51. f6+ Kh6 52. Be4 Rf2 53. Rd3
Re2 54. e6 fxe6 55. Rd8 g3 56. Rh8+ Kg5 0-1